| 000 | 004410000a22001810004500 | ||
|---|---|---|---|
| 003 | MACL | ||
| 005 | 20160120180419.0 | ||
| 008 | 160120b xxu||||| |||| 00| 0 eng d | ||
| 040 |
_aMACL _cmacl |
||
| 041 | _aEnglish | ||
| 082 | _a346.043 | ||
| 100 |
_aSubramaniam, Neela _933807 |
||
| 245 | _aTransfer of Property | ||
| 260 |
_bAnadhra law House _c1997 _aVisakapatnam |
||
| 350 | _a65 | ||
| 650 |
_aLaw _933808 |
||
| 942 |
_cBK _k346/Sub _2ddc |
||
| 999 |
_c32225 _d32225 |
||